| 000 | 00771nam a2200241Ia 4500 | ||
|---|---|---|---|
| 999 |
_c52029 _d52029 |
||
| 003 | GCL | ||
| 005 | 20240530104943.0 | ||
| 008 | 140319s9999 xx 000 0 ara d | ||
| 040 |
_aGCL / _cGCL |
||
| 082 | 0 | 4 |
_a792.0946 _bا م |
| 100 | 1 | _aاموروس، اندريس | |
| 245 | 1 | 0 |
_aالمسرح الاسبانى المعاصر / _cاموروس، اندريس |
| 300 | _a294 ص | ||
| 490 |
_aالهيئة العامة للاستعلامات _v0 |
||
| 650 | 0 | 4 | _aالاخراج المسرحى |
| 650 | 0 | 4 | _aالمسرح |
| 650 | 0 | 4 | _aالتأليف المسرحى |
| 650 | 0 | 4 | _aالممثلون والممثلات |
| 650 | 0 | 4 | _aالنقد المسرحى |
| 650 | 0 | 4 | _aالمسرح - اسبانيا |
| 700 | 1 | _aسمير محمد متولى | |
| 942 |
_2ddc _cBK |
||